Представление документа в формате RUSMARC

ПолеНазваниеЗначение
  Тип записи a
  Библиографический уровень m
001 Контрольный номер e6babe78-3070-4fd2-93a4-880e25ea1a16
005 Дата корректировки 20140820192402.1
100 Данные общей обработки __
a Данные общей обработки 20101213 |||y0 y0189 ca
101 Язык документа __
a Язык текста rus
105 Кодированные данные (монография) __
a Кодированные данные (монография) zy
200 Заглавие и сведения об ответственности __
a Заглавие Финансы[текст]
e Сведения, относящиеся к заглавию Методические указания по выполнению курсовых работ
f Первые сведения об ответственности А. А. Абалакин, Н. М. Гужавина, М. В. Дуброва
210 Выходные данные __
a Место издания РУК
d Дата издания 2010г.
215 Физическое описание __
a Объем 30с.
606 Тематические рубрики __
a Основная рубрика Финансы
x Основная подрубрика Финансы
610 Ключевые слова __
a Ключевые слова Финансы
a Ключевые слова Цель изадачи курсовой работы
a Ключевые слова Порядок выполнения курсовой работы
a Ключевые слова План и структура курсовой работы
a Ключевые слова Примерные темы курсовых работ по дисциплине Финансы
675 Индекс УДК __
a Индекс УДК 336
686 Индексы других классификаций __
a Классификационный индекс 65.9(2)26
2 Код системы rubbk
700 Автор _1
a Фамилия Абалакин
b Имя А. А.
701 Альтернативная интеллектуальная ответственность __
a Фамилия Гужавина
b Имя Н. М., Дуброва, М. В.
852 Данные о местонахождении __
h Классификационный индекс 336
i Авторский знак А 13
899 Данные о местонахождении __
b Место хранения УчФ
t Номер экземпляра 1
h Классификационная часть РШ 336
i Авторский знак А 13
901 Тип документа __
t Тип документа m
938 Служебная информация __
a Название организации Краснодарский филиал
b Имя БД Методические пособия
c Название АИБС АИБС Библиотека